000 00549nam a2200205Ia 4500
005 20260429112048.0
008 260429s9999||||xx |||||||||||||| ||und||
020 _a9781836596387
041 _aEnglish
082 _a330.015
_bROD
100 _aRodriguez, Lauren
245 0 _aEconometrics methods /
_cLauren Rodriguez
250 _a1st ed.
260 _aLondon :
_bETP ED- Tech Press,
_c2025.
300 _axii, 251 p.; hb
650 _a Quantitative analysis
650 _a Statistical economics
650 _aEconometrics
942 _cTB
999 _c52152
_d52152